Cities, Counties, and School Districts in Utah - Statistics

General Stats
  • This quiz has been taken 6 times
  • The average score is 70 of 95
Answer Stats
Hint Answer % Correct
City Herriman
100%
City Layton
100%
City Lehi
100%
City Ogden
100%
District Ogden
100%
City Orem
100%
City Provo
100%
City Salt Lake City
100%
City South Jordan
100%
City West Jordan
100%
District Alpine
75%
County Beaver
75%
District Beaver
75%
City Bountiful
75%
County Box Elder
75%
District Box Elder
75%
County Cache
75%
District Cache
75%
District Canyons
75%
County Carbon
75%
District Carbon
75%
City Cedar City
75%
County Daggett
75%
District Daggett
75%
County Davis
75%
District Davis
75%
City Draper
75%
County Duchesne
75%
District Duchesne
75%
County Emery
75%
District Emery
75%
County Garfield
75%
District Garfield
75%
County Grand
75%
District Grand
75%
County Iron
75%
District Iron
75%
District Jordan
75%
County Juab
75%
District Juab
75%
County Kane
75%
District Kane
75%
City Logan
75%
District Logan
75%
County Millard
75%
District Millard
75%
County Morgan
75%
District Morgan
75%
City Murray
75%
District Murray
75%
District Nebo
75%
County Piute
75%
District Piute
75%
County Rich
75%
District Rich
75%
City Riverton
75%
County Salt Lake
75%
District Salt Lake
75%
City Sandy
75%
County San Juan
75%
District San Juan
75%
County Sanpete
75%
City Saratoga Springs
75%
County Sevier
75%
District Sevier
75%
City Spanish Fork
75%
City St. George
75%
County Summit
75%
City Taylorsville
75%
County Tooele
75%
City Tooele
75%
District Tooele
75%
County Uintah
75%
District Uintah
75%
County Utah
75%
County Wasatch
75%
District Wasatch
75%
County Washington
75%
District Washington
75%
County Wayne
75%
District Wayne
75%
County Weber
75%
District Weber
75%
City West Valley City
75%
City Eagle Mountain
50%
District Granite
50%
City Millcreek
50%
District North Summit
50%
District Park City
50%
City Roy
50%
District South Summit
50%
District North Sanpete
25%
District Provo City
25%
District South Sanpete
25%
District Tintic
25%
No matching quizzes found
Score Distribution
Percent of People with Each Score
Percentile by Number Answered
Your Score History
You have not taken this quiz